Statistics for Italian Islands with a Map

Click here to take the quiz!

General Stats

  • This quiz has been taken 506 times
  • The average score is 9 of 27

Answers on the Map

Answers color-coded by a green-red scale on the quiz's map according to % correct below.
 

Answer Stats

AreaIsland% Correct
25426Sicily
99%
23812Sardinia
97%
223Elba
67%
10,4Capri
64%
20,2Lampedusa
51%
12,2Stromboli
46%
46Ischia
43%
83Pantelleria
38%
20,9Vulcano
38%
37Lipari
35%
21Giglio
29%
7,5Ponza
26%
19,3Capraia
21%
20,1La Maddalena
21%
10,4Montecristo
21%
19,8Favignana
20%
8,1Ustica
20%
50Asinara
18%
9,5Filicudi
18%
26Salina
18%
10,3Pianosa
17%
108Sant'Antioco
16%
15,8Caprera
15%
5,6Levanzo
14%
12,3Marettimo
14%
51San Pietro
13%
5,9Tavolara
8%

Score Distribution

Percentile by Number Answered

Percent of People with Each Score

Your Score History

You have not taken this quiz